000
00189 a2200097 4500
020
_a
9780395799000
041
_a
spa
100
_a
Houghton Mifflin
245
_a
Fotos Familiares
942
_c
K
999
_c
28479
_d
28479